| 000 | 00611nam a2200181 a 4500 | ||
|---|---|---|---|
| 999 |
_c3848 _d3848 |
||
| 001 | 3848 | ||
| 003 | CDMR | ||
| 005 | 20240110104023.0 | ||
| 008 | 130130s1993||||||||||||||||||||||||||||d | ||
| 040 |
_aCDMR _bcat _cCPC GIRONA |
||
| 245 | 0 | _a70 anys de ràdio | |
| 260 |
_aBarcelona : _bCol·legi de Periodistes de Catalunya, _c1993 |
||
| 300 | _a182 p. | ||
| 490 | 0 |
_aAnnals del Periodisme Català; _v 23 (juliol-desembre 1993) |
|
| 650 | 0 |
_93105 _aRadiodifusió _zCatalunya _xHistòria _y1924-1993 |
|
| 856 |
_uhttps://raco.cat/index.php/annalsperiodismecatala/issue/view/20028 _yAccés en línia |
||
| 942 |
_cMON _2udc |
||